000 00776nam a2200229 a 4500
001 41007
003 BD-RjUL
005 20211209053319.0
008 160514s1960 bg ||||| |||| 00| f ben d
020 _cTk. 4.00
035 _a(BD-RjUL)41123
040 _aBD-RjUL
_bben
_cBD-RjUL
_dBD-RjUL
041 _aben
082 _223
_a891.443
_bFAR 1960
100 _aফজল, আবুল
_9126193
245 1 0 _aরাঙ্গা প্রভাত /
_cআবুল ফজল
260 _aচট্টগ্রাম :
_bসৈয়দ মোহাম্মদ শফি,
_c১৯৬০ (১৩৬৭)
300 _a২৬১ পৃ. ;
_c১৮ সেমি.
650 _aবাংলা উপন্যাস
_9126194
650 _aBengali Fiction
_9126195
942 _2ddc
_cBK
999 _c41007
_d41007